Manual de limnología /

Guardado en:
Autor Principal: Cole, Gerald A.
Formato: Libro
Publicado: Buenos Aires : Hemisferio Sur, 1988
Materias:
Etiquetas: Agregar Etiqueta
Sin Etiquetas, Sea el primero en etiquetar este registro!
LEADER 01050nam a22002055a 4500
001 CEM.cems017495
005 20110505083325.0
008 130507s1988##################000#0#####d
003 CEMS
020 |a 9505044209 
082 0 4 |a 574.52632 
100 1 |a Cole, Gerald A. 
245 1 0 |a Manual de limnología /  |c Gerald A. Cole 
260 |a Buenos Aires :  |b  Hemisferio Sur,  |c 1988 
300 |a 405 p. 
505 0 |a Una perspectiva limnológica -- La biota culceacuicola, habitats y comunidades -- Ecosistemas, energía y producción -- Orígenes de los lagos -- Formas y tamaños de los lagos -- La luz y el ecosistema acuático -- Energía calórica y movimientos de agua -- Oxigeno y otros gases disueltos -- Dioxido de carbono, alcalinidad y pH -- El sistema CO2 -- Principales iones en las aguas interiores -- Redox, metales, nutrientes y sustancias orgánicas -- Uso y abuso de las aguas interiores 
653 |a Limnología 
653 |a Hidrobiología 
653 |a Ecología acuática 
859 |a CEMS  |b BIB. CEMS - Agricultura  |h 574.52632  |i C674  |p A1312.11  |t Ej.1